La col màgica : El secret dels espigalls dels Garraf / El secret dels espigalls dels Garraf /
Descripción Física:
26 pàgines ; il. col. ; 24 cm.
Otros Autores:
Sales, Jordi (Sales i Roqueta)
Idioma:
Catalán
MARC
| LEADER | 00000nam a22000007a 4500 | ||
|---|---|---|---|
| 001 | 27550 | ||
| 003 | Arxiu | ||
| 005 | 20260324181156.0 | ||
| 008 | 230320b spa||||| |||| 00| 0 cat d | ||
| 017 | |a B 14384-2022 | ||
| 040 | |a agdb |b cat | ||
| 100 | 1 | |9 55999 |a Montfort, Miquel |e text | |
| 245 | |a La col màgica : |b El secret dels espigalls dels Garraf / |c Un projecte de la Fundació Miquel Agustí | ||
| 260 | |a Barcelona : |b Fundació Miquel Agustí ; |c 2022 | ||
| 300 | |a 26 pàgines ; |b il. col. ; |c 24 cm. | ||
| 650 | 0 | |a Productes agrícoles |v Llibres per a infants |z Garraf (Catalunya : Comarca) | |
| 700 | |9 50286 |a Sales, Jordi |q (Sales i Roqueta) |e il·lustracions | ||
| 710 | |9 55997 |a Fundació Miquel Agustí | ||
| 710 | 1 | |9 7250 |a Barcelona (Catalunya : Província). |b Xarxa de Parcs Naturals | |
| 710 | 2 | |a Node Garraf |e Firma |9 51993 | |
| 942 | |2 udc |c ARXIU |n 1 | ||
| 952 | |0 0 |1 0 |2 udc |4 0 |6 FU74159 |7 1 |9 65679 |a Arxiu |b Arxiu |d 2023-03-20 |l 0 |o FU-74-159 |p 27550 |r 2023-03-20 00:00:00 |w 2023-03-20 |y ARXIU | ||
| 999 | |c 83207 |d 83207 | ||